000 00639cam a2200205 4500500
005 20260405002232.0
041 _afre
042 _adc
100 1 0 _aEnjalbert, Cédric
_eauthor
245 0 0 _aYasuhiko Sugimura: “Tout passe, tout périt, autant en profiter !”
260 _c2016.
500 _a81
690 _aÉphémère
690 _aÉternité
690 _aPrésent
690 _aTemps
690 _aYasuhiko Sugimura
786 0 _nPhilosophie magazine | 101 | 7 | 2016-07-01 | p. 47-47 | 1951-1787
856 4 1 _uhttps://shs.cairn.info/magazine-philosophie-magazine-2016-7-page-47?lang=fr&redirect-ssocas=7080
999 _c2055690
_d2055690